A key to Egyptian grasses /
محفوظ في:
المؤلف الرئيسي:
مؤلفون آخرون:
التنسيق: كتاب
اللغة: English
منشور في:
[Cairo] : [London] :
Cairo University Herbarium ; Royal Botanic Gardens, Kew,
1991.
الموضوعات:
الوسوم: إضافة وسم
لا توجد وسوم, كن أول من يضع وسما على هذه التسجيلة!
رقم الطلب: QL34 .A1 C64
| LEADER | 00716nam a22002177a 4500 | ||
|---|---|---|---|
| 003 | OSt | ||
| 005 | 20251117134031.0 | ||
| 008 | 251117t1991 ua a b 001 0 eng d | ||
| 020 | |a 0947643354 | ||
| 040 | |c ARCE Library | ||
| 050 | 1 | 4 | |a QL34 .A1 |b C64 |
| 100 | 1 | |a Cope, Thomas A. | |
| 245 | 1 | 2 | |a A key to Egyptian grasses / |c Thomas A. Cope and Hasnaa A. Hosni. |
| 264 | 1 | |a [Cairo] : |b Cairo University Herbarium ; |a [London] : |b Royal Botanic Gardens, Kew, |c 1991. | |
| 300 | |a vi, 75 p. : |b ill. ; |c 25 cm. | ||
| 504 | |a Includes bibliographical references (p. 70) and index. | ||
| 650 | 0 | |a Gramineae -- Egypt -- Identification. | |
| 700 | 1 | |a Hosni, Hasnaa A. . | |
| 901 | |a reviewed | ||
| 942 | |2 lcc |c BK | ||
| 999 | |c 48744 |d 48744 | ||
